Návrh a implementácia Informačného systému ÚIAM v Laraveli – moduly pre vedu a výskum
Enregistré dans:
| Auteur principal: | |
|---|---|
| Autres auteurs: | |
| Format: | Manuscrit Livre |
| Langue: | slovaque |
| Publié: |
2022
|
| Sujets: | |
| Accès en ligne: | http://is.stuba.sk/zp/portal_zp.pl?podrobnosti=171480 |
| Tags: |
Pas de tags, Soyez le premier à ajouter un tag!
|
MARC
| LEADER | 00000ntm a22000003a 4500 | ||
|---|---|---|---|
| 001 | stuzp90445 | ||
| 003 | SK-STU | ||
| 005 | 20220604210945.0 | ||
| 007 | ta | ||
| 008 | 150427s2015----xo-----f-mn---000-0-slo-d | ||
| 040 | |a STU |b slo | ||
| 041 | 0 | |a slo | |
| 100 | 1 | |a Vogl, Michaela |u 047220 |k Z4 |4 aut |U FCHPT Ústav informatizácie, automatizácie a matematiky |T FCHPT Oddelenie informatizácie a riadenia procesov |X 86724 |U C7220 |Y 121 |7 86724 | |
| 242 | 0 | 1 | |a Design and Implementation of Web Based on Laravel Framework – Modules for Science and Research |y eng |
| 245 | 1 | 0 | |a Návrh a implementácia Informačného systému ÚIAM v Laraveli – moduly pre vedu a výskum |
| 260 | |c 2022 | ||
| 650 | 4 | |a Informačný systém |2 slo | |
| 650 | 4 | |a PHP |2 slo | |
| 650 | 4 | |a Laravel |2 slo | |
| 650 | 4 | |a Výkonnostné testovanie aplikácie |2 slo | |
| 650 | 4 | |a Laravel |2 eng | |
| 650 | 4 | |a Performance testing |2 eng | |
| 650 | 4 | |a PHP |2 eng | |
| 650 | 4 | |a Information System |2 eng | |
| 700 | 1 | |a Čirka, Ľuboš |u 047220 |k Z1 |4 ths |U FCHPT Ústav informatizácie, automatizácie a matematiky |T FCHPT Oddelenie informatizácie a riadenia procesov |X 101 |U C7220 |Y 121 |7 A000000101 | |
| 856 | 4 | |u http://is.stuba.sk/zp/portal_zp.pl?podrobnosti=171480 | |